Master The NCERT For NEET UG Blology Volume 1 (Record no. 67056)
[ view plain ]
| 000 -LEADER | |
|---|---|
| fixed length control field | 00425nam a22001577a 4500 |
| 003 - CONTROL NUMBER IDENTIFIER | |
| control field | MACL |
| 005 - DATE AND TIME OF LATEST TRANSACTION | |
| control field | 20241018152120.0 |
| 008 - FIXED-LENGTH DATA ELEMENTS--GENERAL INFORMATION | |
| fixed length control field | 241018b |||||||| |||| 00| 0 eng d |
| 040 ## - CATALOGING SOURCE | |
| Transcribing agency | MACL |
| 082 ## - DEWEY DECIMAL CLASSIFICATION NUMBER | |
| Classification number | 570 |
| 100 ## - MAIN ENTRY--PERSONAL NAME | |
| Personal name | Sharma Sanjay |
| 9 (RLIN) | 34303 |
| 245 ## - TITLE STATEMENT | |
| Title | Master The NCERT For NEET UG Blology Volume 1 |
| 440 ## - SERIES STATEMENT/ADDED ENTRY--TITLE | |
| Title | Master The NCERT For NEET UG Blology Volume 1 |
| 9 (RLIN) | 82519 |
| 700 ## - ADDED ENTRY--PERSONAL NAME | |
| Personal name | Sharma Sanjay |
| 9 (RLIN) | 34303 |
| 942 ## - ADDED ENTRY ELEMENTS (KOHA) | |
| Source of classification or shelving scheme | |
| Koha item type | Books |
No items available.









